| 000 | 00629nam a2200217 a 4500 | ||
|---|---|---|---|
| 001 | 16828 | ||
| 003 | CO-ViMGA | ||
| 008 | 141112s2004 ck r 000 u spa d | ||
| 020 | _a9589121594 | ||
| 040 |
_aCO-ViMGA _bspa _cCO-ViMGA |
||
| 082 | 0 | 4 | _a021.28 G675 |
| 100 | 1 |
_aGosling, Mary _923800 |
|
| 245 | 1 | 0 | _aServicio de referencia |
| 260 |
_aBogotá, _cRojas Eberhard, _c2002 |
||
| 300 | _a142.p. | ||
| 490 | _aManuales Bibliotecarios | ||
| 590 | _aForma de adquisición : Premio - Mincultura | ||
| 650 | 1 | 4 |
_aBIBLIOTECASSERVICIOS DE CONSULTA - MANUALES _923801 |
| 650 | 1 | 4 |
_aSERVICIOS DE INFORMACION _91915 |
| 942 |
_2ddc _cBK |
||
| 999 |
_c26476 _d26476 |
||